000 00329nam a2200133Ia 4500
008 210210b1971 xxu||||| |||| 00| 0 eng d
082 _a158 MAUH
100 _aMAURUS (J).
245 _aHow to enjoy peace.
260 _aAllahabad
_bBetter yourself books
_c1971
300 _a210
690 _aApplied Psychology
906 _a030545
999 _c81830
_d81830